<?xml version="1.0" encoding="UTF-8"?>
<resp>
  <nextPage>https://data.bn.org.pl/api/networks/bibs.marcxml?marc=001+b00001150003654&amp;sinceId=1150003655</nextPage>
  <collection>
    <record xmlns='http://www.loc.gov/MARC21/slim'><leader>01111namZa2200337ZiZ4500</leader><controlfield tag='001'>b00001150003654</controlfield><controlfield tag='005'>20241203214549.6</controlfield><controlfield tag='008'>230609s        pl           |000 0 pol c</controlfield><controlfield tag='009'>9913262262605606</controlfield><datafield ind1=' ' ind2=' ' tag='020'><subfield code='a'>8371532768</subfield></datafield><datafield ind1=' ' ind2=' ' tag='035'><subfield code='a'>KR_1KR_1_20120317235729058393-48omnis_kr</subfield></datafield><datafield ind1=' ' ind2=' ' tag='035'><subfield code='a'>KR_1_20120317235729058393</subfield><subfield code='9'>ExL</subfield></datafield><datafield ind1=' ' ind2=' ' tag='035'><subfield code='a'>(PL)b00001150003654</subfield></datafield><datafield ind1=' ' ind2=' ' tag='040'><subfield code='a'>KR_1</subfield><subfield code='c'>KR_1</subfield></datafield><datafield ind1='0' ind2=' ' tag='041'><subfield code='a'>pol</subfield></datafield><datafield ind1='1' ind2=' ' tag='100'><subfield code='a'>Usenko, Natalìâ Oleksandrìvna</subfield></datafield><datafield ind1='1' ind2='0' tag='245'><subfield code='a'>Wiosna Tygryska /</subfield><subfield code='c'>Natalia Usenko ; [il. Jakub Kuźma].</subfield></datafield><datafield ind1=' ' ind2=' ' tag='260'><subfield code='a'>W-wa :</subfield><subfield code='b'>&quot;Kama&quot;,</subfield><subfield code='c'>[1998].</subfield></datafield><datafield ind1=' ' ind2=' ' tag='300'><subfield code='a'>[10] s.:</subfield><subfield code='b'>il.;</subfield><subfield code='c'>15 cm.</subfield></datafield><datafield ind1='1' ind2=' ' tag='490'><subfield code='a'>Biblioteka Najmłodszych</subfield></datafield><datafield ind1='1' ind2=' ' tag='490'><subfield code='a'>Kubuś Puchatek</subfield></datafield><datafield ind1=' ' ind2=' ' tag='500'><subfield code='a'>d</subfield></datafield><datafield ind1='1' ind2=' ' tag='700'><subfield code='a'>Kuźma, Jakub</subfield><subfield code='e'>Il.</subfield></datafield><datafield ind1=' ' ind2=' ' tag='852'><subfield code='b'>48OMNIS_NETWORK</subfield><subfield code='8'>9913262262605606</subfield></datafield><datafield ind1=' ' ind2=' ' tag='852'><subfield code='b'>48OMNIS_KR</subfield><subfield code='8'>991000036529708216</subfield></datafield><datafield ind1=' ' ind2=' ' tag='852'><subfield code='8'>225419500008216</subfield><subfield code='j'>1</subfield><subfield code='b'>KR_6_3</subfield><subfield code='p'>257000175973</subfield><subfield code='c'>POLI_KS</subfield></datafield><datafield ind1=' ' ind2=' ' tag='852'><subfield code='8'>225419500008216</subfield><subfield code='j'>0</subfield><subfield code='b'>KR_6_3</subfield><subfield code='p'>KR_6_20121210145431004535-KR_6_20121210145431004535_1</subfield><subfield code='c'>POLI_KS</subfield></datafield><datafield ind1=' ' ind2=' ' tag='920'><subfield code='a'>83-7153-276-8</subfield></datafield></record>
  </collection>
</resp>
